000 01504nam a2200433 i 4500
001 14220
003 KOSZ 005
005 20191015092512.0
008 071125s1971 pl a g |000 0 pol
015 _aPB 1971/2137
035 _a(PL-WaBN)b2033574x-48omnis_nlop
035 _ab2033574x
035 _a(OCoLC)831207753
035 _a(PL)b0000002033574
040 _aWA N
_cWA N
_dKOSZ 005/RW
041 0 _apol
_aeng
046 _k1963
080 _a802.0
100 1 _aRetman, Bożena.
_eAutor
245 1 0 _aDo you speak English? :
_bnauka języka angielskiego z płyt : kurs dla początkujących /
_cBożena i Roman Retman.
250 _aWydanie 5 / ogólna koncepcja metodyczna Mieczysław Jaworowski.
260 _aWarszawa :
_b"Wiedza Powszechna",
_c1971.
300 _a150, [2] stron :
_bilustracje ;
_c23 cm.
336 _aTekst
_btxt
_2rdacontent
337 _aBez urządzenia pośredniczącego
_bn
_2rdamedia
338 _aWolumin
_bnc
_2rdacarrier
380 _aKsiążki
388 _a1901-2000
500 _aDruk z klisz.
658 _aJęzykoznawstwo
650 7 _aJęzyk angielski
_2DBN
655 7 _aPodręcznik
_2DBN
700 1 _aJaworowski, Mieczysław.
_eOpracowanie
700 1 _aRetman, Roman.
_eAutor
710 2 _aPaństwowe Wydawnictwo Wiedza Powszechna
_4pbl
856 _uhttp://koha.tu.koszalin.pl/cgi-bin/koha/opac-detail.pl?biblionumber=14220
_yKatalog online BPK
942 _2UKD
_cKS
999 _c14220
_d14220